| 000 | 004460000a22001930004500 | ||
|---|---|---|---|
| 001 | 000758 | ||
| 003 | MACL | ||
| 005 | 20150814150919.0 | ||
| 008 | 150814b xxu||||| |||| 00| 0 eng d | ||
| 040 |
_aMACL _cMACL |
||
| 041 | _aEnglish | ||
| 082 | _a420/BHU | ||
| 100 |
_aBhushan, S. _95638 |
||
| 245 |
_aSpell Of Home _cS. Bhushan |
||
| 260 |
_aNew Delhi _c1999 _bOcean Books, |
||
| 350 | _a150 | ||
| 650 |
_aLanguage _95639 |
||
| 942 |
_k420 _cBK _2ddc |
||
| 999 |
_c756 _d756 |
||